00991nam a2200253 45000010005000000030009000050050017000140070005000310080029000360200015000650400027000800820027001072450056001342600044001903000053002344400041002874900033003285050229003616500038005906500032006286500031006607100028006917100018007191248DO-SdBPM20250402115050.01248161202b1995 sp | 00| 0 spa d a8424134362 a DO-SdBPMbspa cBPMSU 4a808.83bN964a 199522204a Las nuevas aventuras de la Sirenita :bHechizada / aBarcelona : bEditorial Everest, c1995 avarias paginaciones :bilustraciones ;c27 cm. 0 aLas nuevas aventuras de la Sirenita 0 aCrecer y aprender con Disney gv 1. tLa cenicienta -- La bella y la bestia -- La sirenita --gv. 2 . tBlanca nives y los siete enanos -- El rey león -- Aladín -gv. 3 tToy story ¡y más allá! -- Bichos, una aventura en miniatura -- Monsters,  4aCuentos infantiles vColecciones  4aOcéano Cuentos infantiles 4aMagia vCuentos infantiles2 aThe Walt Disney Company aGrupo Oceano